[Event "BSF VM 2021-2022 Gr. A"]
[Site "Bergisch Gladbach"]
[Date "2022.02.25"]
[Round "9.3"]
[White "Gutt, Oswald"]
[Black "Eilers, Jochen"]
[Result "0-1"]
[WhiteElo "1851"]
[BlackElo "1965"]
[PlyCount "44"]
[EventDate "2021.??.??"]

1. e4 c5 2. Nf3 Nc6 3. d4 cxd4 4. Nxd4 g6 5. Nc3 Bg7 6. Be3 Nf6 7. f3 O-O 8.
Nb3 d5 9. exd5 Nb4 10. Qd2 Bf5 11. Nd4 Nfxd5 12. Nxf5 gxf5 13. Nxd5 Nxd5 14.
O-O-O Nxe3 15. Qxe3 Bxb2+ 16. Kxb2 Qxd1 17. Qg5+ Kh8 18. Qxf5 Qd4+ 19. Kb1 Qb6+
20. Kc1 Qf6 21. Qh5 Qa1+ 22. Kd2 Rad8+ 0-1

[Event "BSF VM 2021-2022 Gr. A"]
[Site "Bergisch Gladbach"]
[Date "2022.02.25"]
[Round "9.5"]
[White "Müller, Andreas"]
[Black "Gelsok, Philipp"]
[Result "1/2-1/2"]
[WhiteElo "1798"]
[BlackElo "1967"]
[PlyCount "70"]
[EventDate "2021.??.??"]

1. b3 Nf6 2. Bb2 g6 3. Bxf6 exf6 4. c4 d5 5. cxd5 Qxd5 6. Nc3 Qa5 7. g3 Bg7 8.
Bg2 f5 9. Rc1 c6 10. e3 O-O 11. Nge2 Nd7 12. O-O Nf6 13. d4 Re8 14. Qc2 Bd7 15.
b4 Qc7 16. Na4 Rac8 17. d5 Qe5 18. Nc5 cxd5 19. Nxd7 Rxc2 20. Nxe5 Rxe2 21. Nd3
Rxa2 22. Rc7 b6 23. Nf4 a5 24. Nxd5 axb4 25. Nxf6+ Bxf6 26. Bd5 Raa8 27. Bxf7+
Kh8 28. Rd1 Red8 29. Rxd8+ Rxd8 30. Rc1 Rd7 31. Bb3 Rd3 32. Rb1 Bc3 33. h4 Bd2
34. Kf1 Bc3 35. Rd1 Rxd1+ 1/2-1/2

[Event "BSF VM 2021-2022 Gr. B"]
[Site "Bergisch Gladbach"]
[Date "2021.10.29"]
[Round "1.2"]
[White "Bosbach, Volker"]
[Black "Hertling, Jürgen"]
[Result "1-0"]
[WhiteElo "1703"]
[BlackElo "1652"]
[PlyCount "71"]
[EventDate "2021.??.??"]

1. d4 Nf6 2. c4 g6 3. Nc3 d5 4. Nf3 Bg7 5. Bg5 Ne4 6. Bh4 Nxc3 7. bxc3 O-O 8.
e3 dxc4 9. Bxc4 c5 10. O-O Nc6 11. Qc2 Qa5 12. d5 Ne5 13. Nxe5 Bxe5 14. Bxe7
Re8 15. d6 Bf5 16. e4 Bxe4 17. Qb3 Rxe7 18. dxe7 Bc6 19. Bxf7+ Kg7 20. Rac1 Qc7
21. h3 Qxe7 22. Bd5 Bxd5 23. Qxd5 Rd8 24. Qf3 Rf8 25. Qg4 Rf4 26. Qe2 Qf6 27.
Qd2 b6 28. Rc2 Rc4 29. Qd7+ Kh6 30. Re1 Bxc3 31. Re7 Rd4 32. Rxh7+ Kg5 33. h4+
Rxh4 34. Rxh4 Kxh4 35. Qh3+ Kg5 36. Rxc3 1-0

[Event "BSF VM 2021-2022 Gr. B"]
[Site "Bergisch Gladbach"]
[Date "2021.10.29"]
[Round "1.3"]
[White "Bernecker, Jan Magnus"]
[Black "Roder, Stephan"]
[Result "1-0"]
[WhiteElo "1352"]
[BlackElo "1498"]
[PlyCount "65"]
[EventDate "2021.??.??"]

1. e4 c5 2. Nf3 d6 3. d4 cxd4 4. Nxd4 Nf6 5. Nc3 g6 6. Bd3 Bg7 7. f4 a6 8. Be3
Ng4 9. Bg1 e5 10. fxe5 Nxe5 11. Qd2 h5 12. O-O-O Ng4 13. Qe2 Bh6+ 14. Kb1 O-O
15. h3 Nf6 16. Be3 Bg7 17. Rdf1 Qa5 18. Nb3 Qc7 19. Bd4 Ne8 20. g4 Bxd4 21.
Nxd4 Qc5 22. Nb3 Qe5 23. gxh5 Qxh5 24. Qxh5 gxh5 25. Rhg1+ Kh8 26. Rg5 Ng7 27.
Rfg1 Rg8 28. Bc4 Be6 29. Bxe6 fxe6 30. Nd4 b6 31. Nxe6 Ra7 32. Nd5 Nc6 33. Nf6
1-0

[Event "BSF VM 2021-2022 Gr. B"]
[Site "Bergisch Gladbach"]
[Date "2021.10.29"]
[Round "1.4"]
[White "Lobbes, Frank"]
[Black "Gnass, Arno"]
[Result "1/2-1/2"]
[WhiteElo "1740"]
[BlackElo "1620"]
[PlyCount "50"]
[EventDate "2021.??.??"]

1. e4 c6 2. d4 d5 3. exd5 cxd5 4. c4 Nf6 5. Nc3 e6 6. a3 g6 7. Nf3 Bg7 8. c5
Ne4 9. Qc2 Nxc3 10. Qxc3 Nc6 11. Bf4 b6 12. Bb5 Bd7 13. O-O bxc5 14. Qxc5 Qb6
15. Qxb6 axb6 16. Rfd1 O-O 17. Rac1 Rfc8 18. a4 h6 19. Rc3 g5 20. Be3 Nb8 21.
Rxc8+ Bxc8 22. b3 Ba6 23. Bxa6 Nxa6 24. Rc1 Rb8 25. h4 gxh4 1/2-1/2

[Event "BSF VM 2021-2022 Gr. B"]
[Site "Bergisch Gladbach"]
[Date "2021.11.05"]
[Round "2.2"]
[White "Yon, Gregory"]
[Black "Bernecker, Jan Magnus"]
[Result "1/2-1/2"]
[WhiteElo "1477"]
[BlackElo "1352"]
[PlyCount "108"]
[EventDate "2021.??.??"]

1. d3 e5 2. Nf3 Nc6 3. c3 d5 4. Qa4 Bd7 5. Qc2 f5 6. e4 dxe4 7. dxe4 f4 8. Be2
Qf6 9. O-O O-O-O 10. b4 Qg6 11. Rd1 Nf6 12. b5 Bh3 13. Rxd8+ Nxd8 14. Bf1 Bd6
15. Nbd2 Bg4 16. Bd3 Ne6 17. Nh4 Qf7 18. Nf5 Bxf5 19. exf5 Nc5 20. Bc4 Qe8 21.
a4 g5 22. Ba3 h5 23. Bxc5 Bxc5 24. Be6+ Kb8 25. Nb3 Bd6 26. Rd1 h4 27. h3 g4
28. Kh1 Qh5 29. Qe2 e4 30. hxg4 Qxg4 31. Qxg4 Nxg4 32. Kg1 h3 33. gxh3 Rxh3 34.
Nc5 Rh1+ 35. Kxh1 Nxf2+ 36. Kg2 Nxd1 37. Nxe4 Bf8 38. f6 c6 39. f7 cxb5 40.
axb5 Kc7 41. c4 a5 42. bxa6 bxa6 43. Nf6 Kd6 44. Bd5 Ne3+ 45. Kf3 Nxd5 46. Nxd5
Kc5 47. Kxf4 Kxc4 48. Ke4 a5 49. Ne3+ Kc3 50. Nd5+ Kb3 51. Kd3 a4 52. Nc3 a3
53. Kd2 Bh6+ 54. Kd3 a2 1/2-1/2

[Event "BSF VM 2021-2022 Gr. B"]
[Site "Bergisch Gladbach"]
[Date "2021.11.05"]
[Round "2.3"]
[White "Gnass, Arno"]
[Black "Bosbach, Volker"]
[Result "0-1"]
[WhiteElo "1620"]
[BlackElo "1703"]
[PlyCount "107"]
[EventDate "2021.??.??"]

1. d4 d5 2. c4 e6 3. e3 Nf6 4. Nf3 Be7 5. Bd3 c6 6. O-O Nbd7 7. b3 O-O 8. Bb2
Re8 9. Nbd2 Nf8 10. Rc1 Ng6 11. Qc2 Bd7 12. Ne5 Rc8 13. Ndf3 Rf8 14. a3 Be8 15.
b4 Nd7 16. cxd5 exd5 17. b5 c5 18. Qa4 c4 19. Bxg6 hxg6 20. Qxa7 Qb6 21. Qxb6
Nxb6 22. Bc3 Ra8 23. Ra1 Na4 24. Bb4 Bxb4 25. axb4 Bxb5 26. Rfc1 Nb6 27. Ra5
Rxa5 28. bxa5 Na4 29. e4 dxe4 30. Nd2 Rd8 31. Nxe4 Rxd4 32. f3 f5 33. Nc3 Nxc3
34. Rxc3 Rd6 35. Kf2 g5 36. g3 Rd5 37. f4 gxf4 38. gxf4 Ba6 39. Ra3 Rc5 40. Nd7
Rc7 41. Nb6 c3 42. Ra1 c2 43. Rc1 Bd3 44. Nd5 Rc5 45. Ne3 Rxa5 46. Ke1 Rc5 47.
Kd2 Be4 48. Ra1 Kf7 49. Kc1 Rc3 50. Nf1 Rb3 51. Nd2 Rb1+ 52. Nxb1 cxb1=Q+ 53.
Rxb1 Bxb1 54. Kxb1 0-1

[Event "BSF VM 2021-2022 Gr. B"]
[Site "Bergisch Gladbach"]
[Date "2021.11.05"]
[Round "2.4"]
[White "Roder, Stephan"]
[Black "Lobbes, Frank"]
[Result "0-1"]
[WhiteElo "1498"]
[BlackElo "1740"]
[PlyCount "32"]
[EventDate "2021.??.??"]

1. g3 d5 2. Bg2 Nf6 3. d3 e5 4. Nf3 Bd6 5. O-O c6 6. Bg5 O-O 7. c3 h6 8. Bd2
Be6 9. Qc2 Nh5 10. Rd1 f5 11. d4 e4 12. Ne5 f4 13. gxf4 Nxf4 14. Bxf4 Rxf4 15.
Nd2 Qg5 16. e3 Bh3 0-1

[Event "BSF VM 2021-2022 Gr. B"]
[Site "Bergisch Gladbach"]
[Date "2021.11.19"]
[Round "3.1"]
[White "Schneider, Erich"]
[Black "Bernecker, Jan Magnus"]
[Result "0-1"]
[WhiteElo "1198"]
[BlackElo "1352"]
[PlyCount "125"]
[EventDate "2021.??.??"]

1. d4 d5 2. c4 e6 3. Nf3 Nf6 4. g3 b6 5. cxd5 exd5 6. Bg2 Bb7 7. O-O Bd6 8. Nc3
Nbd7 9. Qc2 h6 10. Re1 O-O 11. Bd2 c5 12. Rac1 Rc8 13. b3 Re8 14. e3 Ne4 15.
Nb5 Bb8 16. Qb2 a6 17. Nc3 Ndf6 18. h3 Bd6 19. Rc2 Qe7 20. Bc1 Rc7 21. Nd2 Rec8
22. Ndxe4 Nxe4 23. Nxe4 dxe4 24. Bd2 cxd4 25. Rxc7 Rxc7 26. exd4 Bb4 27. Bxb4
Qxb4 28. Rd1 f5 29. Qd2 Qxd2 30. Rxd2 Rc1+ 31. Kh2 Kf7 32. d5 Rc5 33. d6 Rd5
34. Rxd5 Bxd5 35. Bf1 b5 36. Be2 g6 37. Kg1 Ke6 38. d7 Kxd7 39. Kf1 Kc6 40. Ke1
Kc5 41. a3 Bxb3 42. Kd2 Kd4 43. h4 Bc4 44. Bd1 a5 45. Bc2 g5 46. h5 Bd3 47. Bb3
f4 48. g4 e3+ 49. Ke1 Kc3 50. Be6 b4 51. axb4 axb4 52. Bf7 Bc4 53. Bg6 b3 54.
Bf5 b2 55. Bb1 Bd3 56. Ba2 b1=Q+ 57. Bxb1 Bxb1 58. Ke2 Bd3+ 59. Ke1 Kd4 60. f3
Kc3 61. Kd1 e2+ 62. Ke1 Kc2 63. Kf2 0-1

[Event "BSF VM 2021-2022 Gr. B"]
[Site "Bergisch Gladbach"]
[Date "2021.11.19"]
[Round "3.2"]
[White "Hertling, Jürgen"]
[Black "Gnass, Arno"]
[Result "1-0"]
[WhiteElo "1652"]
[BlackElo "1620"]
[PlyCount "61"]
[EventDate "2021.??.??"]

1. d4 Nf6 2. c4 g6 3. Nc3 d5 4. Nf3 Bg7 5. Qb3 dxc4 6. Qxc4 Be6 7. Qb5+ Bd7 8.
Qb3 O-O 9. e4 c5 10. d5 Qb6 11. Bc4 Bg4 12. e5 Ne8 13. Bf4 Qb4 14. Nd2 b5 15.
Qxb4 cxb4 16. Nxb5 Nd7 17. h3 a6 18. Nd4 Nxe5 19. hxg4 Nxc4 20. Nxc4 Bxd4 21.
Rd1 Bg7 22. O-O Nf6 23. Rfe1 Rac8 24. Ne5 Rc2 25. g5 Nh5 26. Bh2 Rxb2 27. g4
Bxe5 28. Bxe5 Ng7 29. Bxb2 Rc8 30. Bxg7 Kxg7 31. Rxe7 1-0

[Event "BSF VM 2021-2022 Gr. B"]
[Site "Bergisch Gladbach"]
[Date "2021.11.19"]
[Round "3.3"]
[White "Lobbes, Frank"]
[Black "Yon, Gregory"]
[Result "1-0"]
[WhiteElo "1740"]
[BlackElo "1477"]
[PlyCount "101"]
[EventDate "2021.??.??"]

1. e4 d6 2. d4 Nf6 3. Nc3 c6 4. f4 Qa5 5. Bd3 e5 6. dxe5 dxe5 7. fxe5 Ng4 8.
Nf3 Qb6 9. Qe2 Nd7 10. e6 fxe6 11. Ng5 Nde5 12. h3 Nxd3+ 13. cxd3 Ne5 14. Be3
Bc5 15. Bxc5 Qxc5 16. O-O-O Nxd3+ 17. Qxd3 Qxg5+ 18. Kb1 O-O 19. h4 Qe7 20. e5
b5 21. Ne4 a5 22. Rd2 Ba6 23. Ng5 g6 24. Rhd1 b4 25. Qe4 Rad8 26. Qxc6 Rxd2 27.
Rxd2 Bc8 28. g3 Rf1+ 29. Kc2 Rf8 30. Ne4 Bb7 31. Nf6+ Kh8 32. Rd7 Rxf6 33. exf6
Bxc6 34. Rxe7 Kg8 35. Kd3 Bd5 36. a3 b3 37. Kd4 a4 38. Ke5 Kf8 39. Rxh7 Bc4 40.
Rg7 Bd3 41. Kxe6 Bc4+ 42. Ke5 Bd3 43. Rc7 Bc2 44. Rc4 Kf7 45. Rxa4 Bf5 46. Ra7+
Ke8 47. h5 Bc2 48. f7+ Kf8 49. Kf6 Be4 50. hxg6 Bxg6 51. Ra8# 1-0

[Event "BSF VM 2021-2022 Gr. B"]
[Site "Bergisch Gladbach"]
[Date "2021.11.19"]
[Round "3.4"]
[White "Bosbach, Volker"]
[Black "Roder, Stephan"]
[Result "1/2-1/2"]
[WhiteElo "1703"]
[BlackElo "1498"]
[PlyCount "82"]
[EventDate "2021.??.??"]

1. d4 g6 2. c4 Nf6 3. Nc3 Bg7 4. Bg5 d6 5. e4 Nbd7 6. Nf3 h6 7. Bxf6 exf6 8.
Bd3 g5 9. Qd2 c5 10. O-O g4 11. Nh4 cxd4 12. Nb5 Qb6 13. Nf5 Bf8 14. Nbxd4 Ne5
15. b3 Bd7 16. Be2 h5 17. Rad1 O-O-O 18. Ne3 Bh6 19. Qc3 Bxe3 20. Qxe3 Qa5 21.
a4 Kb8 22. Qf4 h4 23. Qxf6 Qc7 24. Nf5 Bxf5 25. exf5 g3 26. Rd5 gxf2+ 27. Rxf2
Qb6 28. Rb5 Qe3 29. h3 Qc1+ 30. Kh2 Qb2 31. Qe7 Rd7 32. Qg5 a6 33. Rd5 Qxb3 34.
Qf4 f6 35. Qd4 Qg3+ 36. Kg1 Rg8 37. Rxd6 Nf3+ 38. Bxf3 Qxd6 39. Bd5 Qg3 40. Rb2
Qe1+ 41. Kh2 Qg3+ 1/2-1/2

[Event "BSF VM 2021-2022 Gr. B"]
[Site "Bergisch Gladbach"]
[Date "2021.11.26"]
[Round "4.2"]
[White "Bernecker, Jan Magnus"]
[Black "Lobbes, Frank"]
[Result "0-1"]
[WhiteElo "1352"]
[BlackElo "1740"]
[PlyCount "68"]
[EventDate "2021.??.??"]

1. e4 e5 2. Nf3 Nc6 3. Bc4 Nf6 4. Ng5 d5 5. exd5 b5 6. dxc6 bxc4 7. Qe2 Qd5 8.
f3 Bd6 9. Nc3 Qxc6 10. d3 Ba6 11. dxc4 Bxc4 12. Qf2 O-O-O 13. Qxa7 Bc5 14. Qa4
Ng4 15. Nge4 Qxa4 16. Nxa4 Ne3 17. Bxe3 Bxe3 18. b3 Bb5 19. Nac3 Bc6 20. Ke2
Bd4 21. Rad1 f5 22. Ng3 Bxc3 23. Nxf5 Bb5+ 24. Ke3 g6 25. Ne7+ Kb7 26. Nd5 Bd4+
27. Ke4 Bc6 28. c4 Rhf8 29. g3 Rd6 30. f4 Bxd5+ 31. cxd5 Re8 32. Rhe1 Bc3 33.
Re3 exf4+ 34. Kxf4 Rf6+ 0-1

[Event "BSF VM 2021-2022 Gr. B"]
[Site "Bergisch Gladbach"]
[Date "2021.11.26"]
[Round "4.3"]
[White "Roder, Stephan"]
[Black "Hertling, Jürgen"]
[Result "0-1"]
[WhiteElo "1498"]
[BlackElo "1652"]
[PlyCount "32"]
[EventDate "2021.??.??"]

1. g3 d5 2. Bg2 e5 3. d3 Nf6 4. c3 Nc6 5. Qb3 Bc5 6. e3 d4 7. Qc4 Qd6 8. b4 Bb6
9. Bxc6+ bxc6 10. b5 cxb5 11. Qxb5+ Bd7 12. Qa6 Qc6 13. e4 Nxe4 14. f3 Nc5 15.
Qa3 Nxd3+ 16. Kf1 Bc5 0-1

[Event "BSF VM 2021-2022 Gr. B"]
[Site "Bergisch Gladbach"]
[Date "2021.12.10"]
[Round "5.1"]
[White "Lobbes, Frank"]
[Black "Schneider, Erich"]
[Result "1-0"]
[WhiteElo "1740"]
[BlackElo "1198"]
[PlyCount "41"]
[EventDate "2021.??.??"]

1. e4 d5 2. exd5 Qxd5 3. d4 Nc6 4. c3 Nf6 5. Nd2 Bg4 6. Ngf3 O-O-O 7. Bc4 Qd7
8. O-O e6 9. b4 Bd6 10. Qa4 Kb8 11. Re1 Rhe8 12. Bb5 Re7 13. Nc4 Nd5 14. Nce5
Bxe5 15. Nxe5 Qd6 16. Nxc6+ bxc6 17. Bxc6 Nb6 18. Qb5 a6 19. Qc5 Qxc5 20. bxc5
Ka7 21. cxb6+ 1-0

[Event "BSF VM 2021-2022 Gr. B"]
[Site "Bergisch Gladbach"]
[Date "2021.12.10"]
[Round "5.2"]
[White "Gnass, Arno"]
[Black "Roder, Stephan"]
[Result "1-0"]
[WhiteElo "1620"]
[BlackElo "1498"]
[PlyCount "47"]
[EventDate "2021.??.??"]

1. e4 c5 2. Nf3 d6 3. d4 g6 4. dxc5 Qa5+ 5. Nc3 Bg7 6. Bb5+ Bd7 7. Bxd7+ Kxd7
8. O-O Qxc5 9. e5 Bxe5 10. Be3 Qa5 11. Nxe5+ Ke8 12. Nf3 Nc6 13. a3 Nf6 14. b4
Qd8 15. Re1 h6 16. Bd4 Kf8 17. Bxf6 exf6 18. Qd2 Ne5 19. Nxe5 dxe5 20. Rad1 Qc8
21. Qd6+ Kg7 22. Nd5 Qe6 23. Qxe6 fxe6 24. Nc7 1-0

[Event "BSF VM 2021-2022 Gr. B"]
[Site "Bergisch Gladbach"]
[Date "2021.12.10"]
[Round "5.3"]
[White "Bosbach, Volker"]
[Black "Bernecker, Jan Magnus"]
[Result "1-0"]
[WhiteElo "1703"]
[BlackElo "1352"]
[PlyCount "53"]
[EventDate "2021.??.??"]

1. d4 d5 2. c4 e6 3. Nc3 Nf6 4. Bg5 Nbd7 5. e3 Be7 6. Nf3 h6 7. Bh4 O-O 8. Rc1
b6 9. cxd5 exd5 10. Bd3 Bb7 11. O-O Re8 12. Re1 Ne4 13. Bxe7 Qxe7 14. Nb5 Ba6
15. Nxc7 Bxd3 16. Qxd3 Ndc5 17. dxc5 Qxc7 18. Qxd5 Nxc5 19. b4 Rad8 20. Qh5 Rb8
21. bxc5 bxc5 22. Rxc5 Qb6 23. h3 Qb2 24. Rc7 Qxa2 25. Ne5 Rf8 26. Nd7 Rbc8 27.
Rec1 1-0

[Event "BSF VM 2021-2022 Gr. B"]
[Site "Bergisch Gladbach"]
[Date "2021.12.17"]
[Round "6.1"]
[White "Schneider, Erich"]
[Black "Roder, Stephan"]
[Result "0-1"]
[WhiteElo "1198"]
[BlackElo "1498"]
[PlyCount "102"]
[EventDate "2021.??.??"]

1. d4 Nf6 2. c4 e6 3. g3 d5 4. Bg2 Be7 5. cxd5 Nxd5 6. e4 Nb6 7. Ne2 O-O 8. O-O
Bd7 9. Nbc3 c6 10. Bf4 Na6 11. Rc1 g5 12. Bd2 Nc4 13. b3 Nb2 14. Qc2 Ba3 15.
Nb1 Qe7 16. Nxa3 Qxa3 17. Bxg5 Nb4 18. Qc3 f6 19. Bd2 a5 20. Rb1 N2d3 21. Ra1
Qb2 22. Qxb2 Nxb2 23. Bc3 N2d3 24. Rfd1 c5 25. dxc5 Bb5 26. Nd4 Ba6 27. Nxe6
Rf7 28. a3 Nc6 29. Rab1 Re8 30. Nd4 Nxd4 31. Bxd4 f5 32. f3 fxe4 33. fxe4 Rd8
34. Be3 Rc7 35. Bf1 Rc6 36. b4 axb4 37. axb4 Bb5 38. Bxd3 Rxd3 39. Rxd3 Bxd3
40. e5 Bxb1 41. Bf4 Be4 42. Kf2 Ra6 43. Ke3 Bc6 44. Kd4 Kf7 45. h4 Ke6 46. g4
Ra4 47. Kc4 Ra2 48. h5 Rf2 49. Be3 Rg2 50. g5 Kxe5 51. Bd2 Rxd2 0-1

[Event "BSF VM 2021-2022 Gr. B"]
[Site "Bergisch Gladbach"]
[Date "2021.12.17"]
[Round "6.2"]
[White "Lobbes, Frank"]
[Black "Bosbach, Volker"]
[Result "1/2-1/2"]
[WhiteElo "1740"]
[BlackElo "1703"]
[PlyCount "29"]
[EventDate "2021.??.??"]

1. e4 c5 2. Nf3 d6 3. d4 cxd4 4. Qxd4 Nc6 5. Bb5 Bd7 6. Bxc6 Bxc6 7. c4 Nf6 8.
Nc3 g6 9. O-O Bg7 10. Qd3 O-O 11. Rb1 a6 12. Re1 Qc7 13. b3 e6 14. Ba3 Rfd8 15.
Rbc1 1/2-1/2

[Event "BSF VM 2021-2022 Gr. B"]
[Site "Bergisch Gladbach"]
[Date "2021.12.17"]
[Round "6.3"]
[White "Yon, Gregory"]
[Black "Gnass, Arno"]
[Result "1-0"]
[WhiteElo "1477"]
[BlackElo "1620"]
[PlyCount "91"]
[EventDate "2021.??.??"]

1. d4 Nf6 2. Bf4 g6 3. Nc3 Bg7 4. e4 d6 5. Qd2 c5 6. dxc5 dxc5 7. Qxd8+ Kxd8 8.
O-O-O+ Nfd7 9. Bc4 e5 10. Be3 b6 11. Bd5 Nc6 12. Bxc6 Rb8 13. Bxd7 Bxd7 14. f3
Rf8 15. Nge2 f5 16. Rhf1 Ke8 17. Nd5 Rc8 18. Kb1 Bb5 19. Ndc3 Ba6 20. a4 Kf7
21. Nb5 Kg8 22. Nec3 h6 23. Nd5 Kh7 24. c4 f4 25. Bc1 Rfd8 26. b3 Bxb5 27. axb5
Rd6 28. Bb2 a6 29. Ne7 Rcd8 30. Rxd6 Rxd6 31. Nd5 axb5 32. cxb5 g5 33. Kc2 h5
34. Ra1 g4 35. Ra6 gxf3 36. gxf3 Rg6 37. Rxb6 Rg2+ 38. Kb1 Rg1+ 39. Ka2 Rf1 40.
Rb7 Kh6 41. Rxg7 Kxg7 42. Bxe5+ Kf7 43. b6 Rf2+ 44. Ka3 Rxf3 45. b7 c4 46. Nc3
1-0

[Event "BSF VM 2021-2022 Gr. B"]
[Site "Bergisch Gladbach"]
[Date "2021.12.17"]
[Round "6.4"]
[White "Bernecker, Jan Magnus"]
[Black "Hertling, Jürgen"]
[Result "1-0"]
[WhiteElo "1352"]
[BlackElo "1652"]
[PlyCount "75"]
[EventDate "2021.??.??"]

1. e4 e5 2. Nf3 Nc6 3. Bc4 Bc5 4. c3 Nf6 5. b4 Be7 6. d3 d6 7. O-O O-O 8. Be3
h6 9. Re1 Be6 10. Nbd2 Ng4 11. h3 Nxe3 12. Rxe3 Qd7 13. d4 Bxc4 14. Nxc4 exd4
15. Nxd4 Bg5 16. Rg3 Rad8 17. Nf5 Kh7 18. h4 Bf6 19. Qd2 Qe6 20. Qd3 Nxb4 21.
cxb4 Bxa1 22. e5 g6 23. Nfe3 dxe5 24. Qc2 Qe7 25. Ng4 Qxh4 26. Qc1 g5 27. Qxa1
f6 28. Nce3 Qh5 29. Qb1+ Qg6 30. Nf5 h5 31. Rh3 Rd7 32. Nge3 Rfd8 33. Qb3 Rd3
34. Qe6 R8d7 35. Ne7 Qe8 36. Rxh5+ Qxh5 37. Qg8+ Kh6 38. Qh8# 1-0

[Event "BSF VM 2021-2022 Gr. B"]
[Site "Bergisch Gladbach"]
[Date "2022.02.04"]
[Round "7.1"]
[White "Bosbach, Volker"]
[Black "Schneider, Erich"]
[Result "1-0"]
[WhiteElo "1703"]
[BlackElo "1198"]
[Annotator "Roder,Stephan"]
[PlyCount "77"]
[EventDate "2021.??.??"]

1. d4 d5 2. c4 e6 3. Nc3 c6 4. cxd5 exd5 5. Nf3 Nf6 6. Bg5 Be7 7. e3 O-O 8. Bd3
Re8 9. h3 c5 {INACCURACY (+1.37)} ({(+0.30) The best move was} 9... Ne4 10. Bf4
Bd6 11. Bxd6 Qxd6 12. Qc2 Qe7 13. Ne5 Nd7 14. Bxe4 dxe4 15. Qxe4 Nxe5 16. Qxe5
Qxe5 17. dxe5 Rxe5) 10. Rc1 cxd4 11. Nxd4 Nc6 12. O-O Nxd4 13. exd4 a6 14. Re1
Be6 {Critical move.} 15. Qb3 b5 16. Bxf6 $2 {MISTAKE (-1.05)} ({(+0.53) The
best move was} 16. a4 h6 17. Bf4 bxa4 18. Nxa4 Bd6 19. Bxd6 Qxd6 20. Nc5 a5 21.
Qc3 Bd7 22. Rxe8+ Bxe8 23. Ra1 Qb6 24. Ra3 Nd7 25. h4 Nf6 26. Qb3 Qd8 27. Qc2
Bd7) 16... Bxf6 17. Ne2 Qb6 18. Rc5 $2 $17 {MISTAKE (-3.75)} ({(-0.59) The
best move was} 18. Rc2 g6 19. Qb4 Bg5 20. Ra1 Be7 21. Qd2 Rac8 22. Rxc8 Bxc8
23. Rd1 Be6 24. Bb1 Rc8 25. Nf4 Bf6 26. Nxe6 Qxe6 27. Re1) 18... Bxd4 {
Critical move.} 19. Nxd4 Qxc5 20. Qd1 Kh8 {INACCURACY (-3.15)} ({(-4.13) The
best move was} 20... Bd7 21. Rf1 Qb4 22. Nb3 Rac8 23. a3 Qf4 24. Nd4 g6 25. Be2
Re4 26. Nf3 Rce8 27. Bd3 R4e7 28. b3 Qd6 29. Qa1 d4 30. a4 bxa4 31. bxa4) 21.
Qh5 g6 22. Qe5+ Kg8 23. Kf1 $2 {MISTAKE (-6.09)} ({(-3.37) The best move was} 
23. Qf4 Rac8 24. Nf3 Re7 25. Ne5 Qc7 26. Qf6 Rce8 27. Nf3 Bxh3 28. Rxe7 Qxe7
29. Qxe7 Rxe7 30. gxh3) 23... Bd7 24. Qf4 Rxe1+ 25. Kxe1 {?} Re8+ {INACCURACY 
(-5.28)} ({(-6.45) The best move was} 25... Qb4+ 26. Kf1 Qxb2 27. Kg1 Re8 28.
Nf3 Qxa2 29. Qd6 Be6 30. Kh2 Qb3 31. Be2 Bxh3 32. gxh3 Rxe2 33. Kg2 b4 34. Qb6)
26. Kf1 Qb4 27. Kg1 Qxb2 28. Nf3 Qc3 29. Ng5 {INACCURACY (-7.93)} ({(-6.05)
The best move was} 29. Bf1 Bf5 30. Qd6 Qa1 31. Qc6 Rf8 32. Nd2 Qxa2 33. Nf3 Rc8
34. Qd6 Qa1 35. Nd2 Bd3 36. Qxd5) 29... Rf8 {INACCURACY (-6.01)} ({(-7.93) The
best move was} 29... f6 30. Nf3 Qxd3 31. Qxf6 Bc8 32. h4 Qc2 33. a3 Qc1+ 34.
Kh2 Qxa3 35. h5 Qe7 36. Qc6 Qe4 37. hxg6 hxg6 38. Qf6 Rf8) 30. Qh4 h5 31. Be2
Qe1+ 32. Bf1 a5 33. Nf3 Qe4 {INACCURACY (-5.36)} ({(-6.86) The best move was} 
33... Qa1 34. Qe7 Be6 35. Ng5 Bf5 36. Nh7 Kxh7 37. Qxf8 Be6 38. Qd8 d4 39. Qf6
Bc4 40. Kh2 Qxf1 41. Qxd4 Qc1 42. Qc5 Qd2 43. Qe5 Qxf2) 34. Qg5 {INACCURACY 
(-6.69)} ({(-5.36) The best move was} 34. Qf6 Qb1 35. Ne5 Be6 36. Kh2 Bf5 37.
Be2 Qb2 38. Bf3 Qxa2 39. Nc6 Qd2 40. Ne7+ Kh7 41. Nxf5 Qf4+ 42. Kg1 Qxf5) 34...
b4 35. Qh6 f6 36. Nd2 Qf5 37. Qe3 Re8 38. Qc5 Qg5 {INACCURACY (-5.13)} ({
(-6.19) The best move was} 38... d4 39. Qxd4 Re1 40. Nc4 Qe4 41. Qxf6 Qxc4 42.
Qxg6+ Kf8 43. Qh6+ Ke7 44. Qg5+ Kf7 45. Qxh5+ Ke7 46. Qg5+ Ke8 47. Qh5+ Kd8 48.
Qxa5+ Kc8 49. Qa8+ Kc7 50. Qf3 Rxf1+ 51. Kh2 Qc5) 39. Nf3 {Black: time limit
exceeded} (39. Nf3 Qf4 40. Qxa5 Qd6 41. Nd4 Re1 42. a4 Be8 43. Qa8 Qe7 44. a5
Rd1 45. Qxd5+ Bf7 46. Nc6 Qe2 47. Qxd1 Qxd1 48. Nxb4) 1-0

[Event "BSF VM 2021-2022 Gr. B"]
[Site "Bergisch Gladbach"]
[Date "2022.02.04"]
[Round "7.2"]
[White "Roder, Stephan"]
[Black "Yon, Gregory"]
[Result "1-0"]
[WhiteElo "1498"]
[BlackElo "1477"]
[Annotator "Roder,Stephan"]
[PlyCount "143"]
[EventDate "2021.??.??"]

1. e4 d6 2. Nf3 c6 3. d4 Nf6 4. Bd3 Qc7 5. Bg5 Nbd7 6. c3 e5 7. Nbd2 Be7 8. Nh4
h6 9. Be3 Nb6 10. h3 O-O 11. Nf5 Bxf5 12. exf5 Nbd5 13. Qe2 Nxe3 14. fxe3 exd4
15. exd4 Rfe8 16. O-O d5 17. Qf3 Bd6 18. c4 Qa5 19. Nb3 Qb4 20. c5 Bc7 21. Bc2
b5 22. g4 Ne4 23. Qd3 Nf6 24. Nd2 Re7 25. a3 Qa5 26. b4 Qa6 27. a4 Qb7 28. a5
a6 29. Rae1 Rae8 30. Rxe7 Rxe7 31. Nf3 Qb8 32. Re1 Rxe1+ 33. Nxe1 Qe8 34. Nf3
Ne4 35. Qe2 f6 36. Nd2 Nd6 37. Kf2 Qxe2+ 38. Kxe2 Nf7 39. Nf3 Bf4 40. Bd3 Bc1
41. Ne1 Ng5 42. Bxb5 cxb5 43. Nd3 Ba3 44. c6 Nf7 45. Kd2 Nd6 46. Kc2 Kf8 47.
Kb3 Bc1 48. Nc5 Be3 49. Kc3 Ke8 50. Nxa6 Ne4+ 51. Kd3 Bf4 52. Nc5 Nf2+ 53. Ke2
Nxh3 54. Ne6 Bd6 55. a6 Nf4+ 56. Nxf4 Bb8 57. Nxd5 Ba7 58. Kd3 Kd8 59. Nc3 Kc8
60. Nxb5 Bb6 61. a7 Bxa7 62. Nxa7+ Kc7 63. d5 Kb6 64. Nc8+ Kc7 65. Ne7 Kd6 66.
Kc4 Kxe7 67. Kc5 Kd8 68. Kd6 g6 69. fxg6 f5 70. gxf5 h5 71. g7 h4 72. g8=Q# 1-0

[Event "BSF VM 2021-2022 Gr. B"]
[Site "Bergisch Gladbach"]
[Date "2022.02.04"]
[Round "7.3"]
[White "Hertling, Jürgen"]
[Black "Lobbes, Frank"]
[Result "1/2-1/2"]
[WhiteElo "1652"]
[BlackElo "1740"]
[PlyCount "26"]
[EventDate "2021.??.??"]

1. d4 f5 2. Bg5 Nf6 3. Nc3 d5 4. e3 e6 5. Nf3 Be7 6. Be2 Nbd7 7. Bf4 c6 8. h3
O-O 9. O-O Ne4 10. Nxe4 fxe4 11. Ne5 Nxe5 12. Bxe5 Bd6 13. Bxd6 Qxd6 1/2-1/2

[Event "BSF VM 2021-2022 Gr. B"]
[Site "Bergisch Gladbach"]
[Date "2022.02.04"]
[Round "7.4"]
[White "Gnass, Arno"]
[Black "Bernecker, Jan Magnus"]
[Result "1-0"]
[WhiteElo "1620"]
[BlackElo "1352"]
[PlyCount "145"]
[EventDate "2021.??.??"]

1. d4 d5 2. c4 e6 3. Nc3 Nf6 4. Nf3 Bd6 5. e3 b6 6. Bd3 Bb7 7. O-O O-O 8. b3
Nbd7 9. Bb2 Re8 10. cxd5 exd5 11. Rc1 Rc8 12. Nb5 Qe7 13. Nxd6 Qxd6 14. Bb1 Ne4
15. a3 f5 16. b4 Ndf6 17. Ne5 Re6 18. f3 Ng5 19. Bxf5 Rce8 20. Bxe6+ Rxe6 21.
Qc2 c6 22. Qa4 a6 23. Qc2 Nh5 24. Qf5 h6 25. Rc2 a5 26. f4 g6 27. Qd3 Ne4 28.
Rfc1 Qc7 29. bxa5 bxa5 30. Qe2 Ng7 31. Qg4 Kh7 32. Qe2 Qc8 33. g4 Ba6 34. Qg2
Bb5 35. Qf3 Ba4 36. Rg2 Qf8 37. Nd7 Qf7 38. Nc5 Nxc5 39. Rxc5 Bb5 40. Rf2 Qe7
41. Rc3 Rf6 42. h4 g5 43. hxg5 hxg5 44. Rh2+ Kg6 45. Qh3 gxf4 46. g5 Rf5 47.
Qh7+ Kf7 48. g6+ Ke8 49. Qh8+ Kd7 50. Rh7 Qg5+ 51. Kh1 Qh5+ 52. Rxh5 Rxh5+ 53.
Qxh5 Nxh5 54. exf4 Ke6 55. Rh3 Nxf4 56. g7 Kf7 57. Rf3 Kxg7 58. Rxf4 a4 59. Kh2
Kg6 60. Kg3 Kg5 61. Rf8 Ba6 62. Ra8 Bb5 63. Rb8 Kf5 64. Kf3 Bd3 65. Ke3 Bb5 66.
Re8 Kg4 67. Re5 Kg3 68. Kd2 Kf3 69. Kc3 Bc4 70. Kb4 Bb5 71. Kc5 Kf4 72. Re7 Kf5
73. Rc7 1-0